000 00778nam a2200217 a 4500
001 000839887
003 AM-YeHGA
005 20250617153411.0
008 111019s1979 r 000 0 rus d
040 _aAM-YeHGA
041 0 _arus
100 1 _aБелова, Д.А.
245 1 0 _aПрименение ЭВМ для анализа и синтеза автоматических систем управления /
_cД.А. Белова, Р.Е. Кузин ; Под ред. А.В. Нетушила.
260 _aМосква :
_bЭнергия,
_c1979.
300 _a264 с. :
_bил.
504 _aБиблиогр. 82 назв.
650 1 4 _aАвтоматика
700 1 _aКузин, Р.Е.
700 1 _aНетушил, А.В.
_eред.
_4edt
090 _c392367
999 _c390361
_d390361